| 000 | 00714nam a2200217 a 4500 | ||
|---|---|---|---|
| 003 | PILC | ||
| 005 | 20160215103600.0 | ||
| 008 | 040901s19uu xx 00 eng d | ||
| 020 | _a053454911X | ||
| 050 |
_aBF 76.5 _b.G73 2006 |
||
| 100 | _aGravetter, Frederick J. | ||
| 245 |
_aResearch methods for the behavioral sciences / _cFrederick Gravetter. |
||
| 260 |
_aBelmont, Calif : _bWadsworth, _c2003. |
||
| 300 |
_axxiii, 478 pages : _billustrations ; _c24 cm. |
||
| 500 | _aIncludes bibliographical references and index. | ||
| 650 |
_aPsychology _xResearch _xMethodology. |
||
| 650 |
_aSocial sciences _xResearch _xMethodology. |
||
| 700 | _aForzano, Lori-Ann B. | ||
| 942 |
_cBK _2lcc _kFOR |
||
| 999 |
_c22617 _d22617 |
||